000 00754nam a2200217 4500
003 CO-ViMGA
020 _a9789589016473
040 _aCO-ViMGA
_bspa
_cCO-ViMGA
090 _aC BOR2
100 1 _aBorges, Jorge Luis
_d1899-1986
_98522
245 1 0 _aAntología de la literatura fantástica /
_cJorge Luis Borges.
260 _aBogotá :
_bPenguin Random House,
_c2016.
300 _a407 páginas ;
_b20 cm.
490 _aPlan Nacional de Lectura y Escritura Leer es mi Cuento / Ministerio de Cultura
650 1 4 _aAntologías
_xCuentos
_98523
650 1 4 _aCuentos fantásticos
_92273
650 1 4 _aLiteratura fantástica
_98061
700 1 _aBioy Casares, Adolfo,
_d1914-1999
_98524
700 1 _aOcampo, Silvina,
_d1903-1993
_98525
942 _2ddc
_cBK
999 _c7574
_d7574